Discourse processing

Αποθηκεύτηκε σε:
Λεπτομέρειες βιβλιογραφικής εγγραφής
Συγγραφή απο Οργανισμό/Αρχή: International Symposium on Text Processing
Άλλοι συγγραφείς: Flammer, August (Επιμελητής έκδοσης), Kintsch, Walter, 1932- (Επιμελητής έκδοσης)
Μορφή: Πρακτικό Συνεδρίου Βιβλίο
Γλώσσα:English
Δημοσίευση: Amsterdam ; New York : North-Holland ; New York, Elsevier Science , 1982
Σειρά:Advances in psychology (Amsterdam, Netherlands) ; 8
Θέματα:
Ετικέτες: Προσθήκη ετικέτας
Δεν υπάρχουν, Καταχωρήστε ετικέτα πρώτοι!

MARC

LEADER 00000cam a2200000 i 4500
001 1/78901
008 980828s1982 eng d
020 |a 0-444-86515-2 
035 |l 10033044 
035 |a 1988  |b 2  |c Αφένδρας 
040 |a GR-MY-UA  |b gre  |e aacr 
041 0 |a eng 
082 0 |a 153.6  |2 (19) 
245 0 0 |a Discourse processing /  |c edited by August Flammer and Walter Kintsch 
260 |a Amsterdam ; New York :   |b North-Holland ; New York,   |b Elsevier Science ,   |c 1982 
300 |a x, 614 p.;  |b ill.;  |c 23 cm 
490 1 |a Advances in psychology  |v ; 8 
500 |a Papers presented at the International Symposium on Text Processing, held in Fribourg, Switzerland in 1981 
504 |a Includes bibliographies and indexes 
650 0 0 |a Reading, Psychology of  |x Congresses. 
650 0 0 |a Human information processing  |x Congresses. 
700 1 |a Flammer, August.  |4 edt 
700 1 |a Kintsch, Walter,   |d 1932-  |4 edt 
711 2 |a International Symposium on Text Processing   |d (1981 :   |c Fribourg, Switzerland) 
830 0 |a Advances in psychology (Amsterdam, Netherlands)  |v ; 8 
852 |a INST  |b RHODES  |e 19980828  |h 153.6 DIS  |p 005400003630  |q 005400003630  |t BK  |y 0 
909 |a Ρ  |b 011719  |c 1988